Stadion zum Fußballvereinswappen - Statistiken

Allgemein
  • Dieses Quiz wurde 87 mal gespielt
  • Das Durchschnittsergebnis liegt bei 7 aus 16
Antwortstatistiken
Bildquiz Antwort % Korrekt
Giuseppe-Meazza-Stadion
95%
Weserstadion
94%
Rheinenergiestadion
81%
Parc des Princes
72%
Olympiastadion
69%
Etihad Stadium
51%
Orange Velodrome
38%
Goodison Park
33%
Ibrox Stadium
31%
Johan-Cruyff-Arena
31%
Estadio da Luz
21%
Stadion Wankdorf
19%
Tottenham Hotspur Stadium
19%
San Mames
14%
Estadio Ramon Sanchez Pizjuan
12%
Rams Park
11%
Keine übereinstimmenden Quizze gefunden
Verteilung der Resultate
Anzahl Personen mit jedem Resultat
Perzentil nach korrekt beantworteten Fragen
Ihre Resultats-Entwicklung
Sie haben dieses Quiz noch nicht gespielt